| 000 | 00475nam a2200193Ia 4500 | ||
|---|---|---|---|
| 003 | IN-BaIIA | ||
| 008 | 211028s9999 xx 000 0 eng d | ||
| 020 | _aNO | ||
| 040 | _cIIA Library | ||
| 080 |
_a535 _bSTR |
||
| 100 |
_aStrong, John _92379 |
||
| 245 | 0 |
_aConcepts of classical optics _cJohn Strong |
|
| 260 |
_aSan Francisco _bW. H. Freeman _c1958 |
||
| 300 | _axxi, 692p. | ||
| 650 | _aNASA Thesaurus | ||
| 650 | _aOptics | ||
| 650 | _aPhysical Optics | ||
| 942 | _cBK | ||
| 999 |
_c1900 _d1900 |
||